LEADER 01681nam 2200409 n 450 001 996390524203316 005 20200824120927.0 035 $a(CKB)4940000000101934 035 $a(EEBO)2240900551 035 $a(UnM)99840258e 035 $a(UnM)99840258 035 $a(EXLCZ)994940000000101934 100 $a19910206d1555 uy | 101 0 $aeng 135 $aurbn||||a|bb| 200 04$aThe temporysour$b[electronic resource] $e(that is to saye: the obseruer of tyme, or he that chaungeth with the tyme.) Compyled in Latyn by the excellent clarke Wolfangus Musculus, and tra[n]slated into Frenche by M. Vallerain Pullain. And out of Frenche into Inglishe by R.P. 1555 210 $a[Wesel? $cImprinted [by H. Singleton?]$dAnno Domini. 1555. In the month of July. [1555] 215 $a[126] p 300 $aR.P. = R. Pownall. 300 $aPlace of publication and printer's name conjectured by STC. 300 $aIncludes: An excellent admonicion and resolution, of the godlye and famous learned man Celius secundus Curio, from a letter in an unidentified work of Celio Secundus Curione. 300 $aSignatures: A-G H. 300 $aReproduction of the original in the British Library. 330 $aeebo-0018 700 $aMusculus$b Wolfgang$f1497-1563.$01001345 701 $aPoullain$b Vale?rand$fd. 1559 or 60.$01014367 701 $aPownall$b Robert$f1520-1571.$01009413 702 $aCurione$b Celio Secondo$f1503-1569.$4aut 801 0$bCu-RivES 801 1$bCu-RivES 801 2$bUk-ES 801 2$bCStRLIN 801 2$bWaOLN 906 $aBOOK 912 $a996390524203316 996 $aThe temporysour$92367170 997 $aUNISA LEADER 02618nam 2200613 450 001 9910814109503321 005 20211007192653.0 010 $a0-2280-0787-9 010 $a0-2280-0786-0 024 7 $a10.1515/9780228007869 035 $a(CKB)4100000011798256 035 $a(MiAaPQ)EBC6515553 035 $a(Au-PeEL)EBL6515553 035 $a(OCoLC)1231558619 035 $a(DE-B1597)655292 035 $a(DE-B1597)9780228007869 035 $a(EXLCZ)994100000011798256 100 $a20211007d2021 uy 0 101 0 $aeng 135 $aurcnu|||||||| 181 $ctxt$2rdacontent 182 $cc$2rdamedia 183 $acr$2rdacarrier 200 10$aBerruyer's Bible $epublic opinion and the politics of enlightenment Catholicism in France /$fDaniel J. Watkins 210 1$aMontreal :$cMcGill-Queen's University Press,$d[2021] 210 4$dİ2021 215 $a1 online resource (xviii, 325 pages) $cillustrations 225 1 $aMcGill-Queen's studies in the history of religion. Series two ;$v89 311 $a0-2280-0629-5 320 $aIncludes bibliographical references and index. 327 $aFrench Jesuits and the Enlightenment -- The Problem of Innovation -- The Berruyer Affair -- From Ink to Ashes -- The Suppression -- A Bible for a Post-Revolutionary Age -- Conclusion: From Enlightenment to Romantic Catholicism. 330 $aBerruyer's Bible offers a fresh perspective on the history of the Catholic Enlightenment. By exploring the rise and fall of the French Jesuit Isaac-Joseph Berruyer's Histoire du peuple de Dieu, Daniel Watkins reveals how Catholic attempts to assimilate Enlightenment ideas caused conflicts within the church and between the church and the French state. 410 0$aMcGill-Queen's studies in the history of religion.$nSeries two ;$v89. 606 $aChurch and state$zFrance$xHistory$y18th century 606 $aEnlightenment$zFrance 606 $aCensorship$zFrance$xReligious aspects$xHistory$y18th century 607 $aFrance$xIntellectual life$y18th century 607 $aFrance$xChurch history$y18th century 608 $aChurch history.$2fast 608 $aCriticism, interpretation, etc.$2fast 608 $aHistory.$2fast 615 0$aChurch and state$xHistory 615 0$aEnlightenment 615 0$aCensorship$xReligious aspects$xHistory 676 $a194 686 $acci1icc$2lacc 700 $aWatkins$b Daniel J.$01703581 801 0$bMiAaPQ 801 1$bMiAaPQ 801 2$bMiAaPQ 906 $aBOOK 912 $a9910814109503321 996 $aBerruyer's Bible$94088898 997 $aUNINA